Things found...in a Rock Band! - Statistics

General Stats
  • This quiz has been taken 109 times
    68 since last reset
  • The average score is 7 of 15
Answer Stats
Hint Answer % Correct
D Drums (Drummer)
98%
G Guitar (Lead Guitarist)
94%
B Bass (Bassist)
85%
S Singer
77%
A Amps
62%
K Keyboard
60%
M Microphone
60%
S Setlist
42%
L Lighting
40%
R Rhythm Guitarist
26%
P Pedals
17%
V Van
17%
C Cables
15%
M Mixer
15%
G Garage
11%
No matching quizzes found
Score Distribution
Percent of People with Each Score
Percentile by Number Answered
Your Score History
You have not taken this quiz since the last reset